000 00759nam a2200229 a 4500
001 BRCA_1821
005 20190320203550.0
008 200508s1999----sp-a---###---#000-0#spa-#
020 _a848989504X
050 4 _aN3470
_b.L99 1999
100 1 _aLuzón Nogué, José María
_95483
245 1 0 _aSevilla la vieja
_bun paseo histórico por las ruinas de Itálica
_cJosé María Luzón Nogué.
260 _aSevilla
_bFundación Focus-Abengoa
_c1999
300 _a235 p.
_bil. a color
_c32 cm.
500 _aIncluye índice analítico
500 _aColección Sonia Corcuera de Mancera
504 _aBibliografía : p. 225
650 1 4 _aRenacimiento
_xArquitectura
_95667
651 4 _aItálica
_xAntigüedades
_zSevilla
_95668
902 _aDSC
942 _2lcc
_cB
999 _c1602
_d1602